000 00879cam a2200229 a 4500
001 17293056
005 20260325201614.0
008 120510s2012 enk b 001 0 eng
020 _a9780749461065
_qpbk.
020 _a9780749461072
_qpbk.
050 0 0 _aHF5549
_b.H7837 2012
082 0 0 _a658.3/124
_223
245 0 0 _aInternational human resource development :
_blearning, education and training for individuals and organizations /
_c[edited by] John P Wilson.
250 _a3rd ed.
260 _aLondon ;
_aPhiladelphia :
_bKogan Page,
_cc2012.
300 _axxix, 502 p. ;
_c24 cm.
500 _aRev. ed. of: Human resource development. 2nd ed. 2005.
650 0 _aPersonnel management.
700 1 _aWilson, John P.
_q(John Peter),
_d1955 August 11-
700 1 _aWilson, John P.
_q(John Peter),
_d1955 August 11-
_tHuman resource development.
942 _2lcc
_cBK
_e3rd ed.
_n0
999 _c9175
_d9175